000 00375nam a2200121Ia 4500
008 160609s9999 xx 000 0 und d
100 _aOja, Dan.
245 _aNew Perspectives on Computer Concepts 2014: Comprehensive
245 _cDan Oja, June Jamrich Parsons
260 _c2014
650 _xCOMPUTER ANIMATION
856 _uhttp://file.ebook777.com/016/9781285098685.pdf
999 _c295729
_d295729